<?xml version="1.0" encoding="UTF-8"?>
<collection xmlns:xsi="http://www.w3.org/2001/XMLSchema-instance" xsi:schemaLocation="http://www.loc.gov/MARC21/slim http://www.loc.gov/standards/marcxml/schema/MARC21slim.xsd" xmlns="http://www.loc.gov/MARC21/slim">
 <record>
  <leader>00000cam a22000003i 4500</leader>
  <controlfield tag="001">UP-1685594773862075858</controlfield>
  <controlfield tag="003">Buklod</controlfield>
  <controlfield tag="005">20170419143451.0</controlfield>
  <controlfield tag="006">g||| |     ||   ||</controlfield>
  <controlfield tag="007">ta</controlfield>
  <controlfield tag="008">170419s2017    xx ab   rb   |||1 u|eng d</controlfield>
  <datafield tag="020" ind1=" " ind2=" ">
   <subfield code="a">9781138658578 (hbk)</subfield>
  </datafield>
  <datafield tag="035" ind1=" " ind2=" ">
   <subfield code="a">(iLib)UPBAG-00023841142</subfield>
  </datafield>
  <datafield tag="037" ind1=" " ind2=" ">
   <subfield code="a">BC-68499</subfield>
   <subfield code="b">Taylor &amp; Francis</subfield>
   <subfield code="c">Php5,523.13</subfield>
   <subfield code="n">Prof. Alejandro N. Ciencia</subfield>
  </datafield>
  <datafield tag="040" ind1=" " ind2=" ">
   <subfield code="a">DLC</subfield>
   <subfield code="d">BAG</subfield>
   <subfield code="e">rda</subfield>
  </datafield>
  <datafield tag="041" ind1="0" ind2=" ">
   <subfield code="a">eng</subfield>
  </datafield>
  <datafield tag="090" ind1=" " ind2="0">
   <subfield code="a">HT 169</subfield>
   <subfield code="b">A77 R47 2017</subfield>
  </datafield>
  <datafield tag="245" ind1="0" ind2="0">
   <subfield code="a">Responding to climate change in Asian cities</subfield>
   <subfield code="b">governance for a more resilient urban future</subfield>
   <subfield code="c">edited by Diane Archer, Sarah Colenbrander and David Dodman.</subfield>
  </datafield>
  <datafield tag="264" ind1=" " ind2="1">
   <subfield code="a">London</subfield>
   <subfield code="b">Routledge</subfield>
   <subfield code="c">2017.</subfield>
  </datafield>
  <datafield tag="300" ind1=" " ind2=" ">
   <subfield code="a">xvii, 222 pages</subfield>
   <subfield code="b">illustrations, maps</subfield>
   <subfield code="c">24 cm</subfield>
  </datafield>
  <datafield tag="490" ind1="0" ind2=" ">
   <subfield code="a">Routledge advances in climate change research</subfield>
  </datafield>
  <datafield tag="504" ind1=" " ind2=" ">
   <subfield code="a">Includes bibliographical references and index.</subfield>
  </datafield>
  <datafield tag="505" ind1="0" ind2=" ">
   <subfield code="a">1. Climate justice, social protection and just adaptation: the vulnerability contexts of migrant workers in Indian cities / Sunil D. Santha, Devisha Sasidevan, Surinder Jaswal, Ajmal Khan, Kaushik Datta and Annu Kuruvila -- 2. Rights, risks and resilience: the 3Rs approach to child-centered climate change adaptation in Asian cities / Sudeshna Chatterjee -- 3. Improving multi-stakeholder collaboration for a resilient water and sanitation sector in Dhaka, Bangladesh / Sarder Shafiqul Alam, Julia Taub and A.T.M. Jahangir Alam -- 4. Coastal urban development in Quy Nhon, Vietnam, in the context of climate change / Vu Kim Chi and Nguyen Thi Thuy Hang -- 5. Approaches to resilience planning in Indian cities: the ACCCRN experience / Divya Sharma, Raina Singh and Rozita Singh -- 6. How can climate change vulnerability assessments best impact policy and planning?: lessons from Indonesia / John Taylor and Jonatan Lassa -- 7. Institutional challenges and solutions for improving coordination mechanisms for the water supply sector in Peri-Urban Can Tho, Vietnam / Huy Nguyen, Stephen Tyler and Phong Tran -- 8. Water security and urban resilience: the case of Baguio City, Philippines / Alejandro N. Ciencia, Jr., Lorelei C. Mendoza, Gladys A. Cruz, Maileenita A. Penalba, Nimreh L. Calde and Michael R. Cabalfin -- 9. Modelling demand for catastrophic flood index-based insurance in Da Nang City, Vietnam: using choice experiments / Bui Duc Tinh and Nguyen Manh Hung -- 10. Local government planners' perspectives: challenges and opportunities for climate change adaptation in Indonesia / Rahayu Yoseph-Paulus.</subfield>
  </datafield>
  <datafield tag="650" ind1=" " ind2="0">
   <subfield code="a">City planning</subfield>
   <subfield code="x">Environmental aspects</subfield>
   <subfield code="z">Asia.</subfield>
  </datafield>
  <datafield tag="650" ind1=" " ind2="0">
   <subfield code="a">City planning</subfield>
   <subfield code="x">Climatic factors</subfield>
   <subfield code="z">Asia.</subfield>
  </datafield>
  <datafield tag="650" ind1=" " ind2="0">
   <subfield code="a">Climatic changes</subfield>
   <subfield code="z">Asia.</subfield>
  </datafield>
  <datafield tag="650" ind1=" " ind2="0">
   <subfield code="a">Urban ecology (Sociology)</subfield>
   <subfield code="z">Asia.</subfield>
  </datafield>
  <datafield tag="700" ind1="1" ind2=" ">
   <subfield code="a">Archer, Diane</subfield>
   <subfield code="d">1984-</subfield>
   <subfield code="e">editor.</subfield>
  </datafield>
  <datafield tag="700" ind1="1" ind2=" ">
   <subfield code="a">Colenbrander, Sarah</subfield>
   <subfield code="e">editor.</subfield>
  </datafield>
  <datafield tag="700" ind1="1" ind2=" ">
   <subfield code="a">Dodman, David</subfield>
   <subfield code="e">editor.</subfield>
  </datafield>
  <datafield tag="905" ind1=" " ind2=" ">
   <subfield code="a">FO</subfield>
  </datafield>
  <datafield tag="852" ind1="0" ind2=" ">
   <subfield code="a">UPBAG</subfield>
   <subfield code="b">UPBAG-MAIN</subfield>
   <subfield code="h">HT 169 A77 R47 2017</subfield>
  </datafield>
  <datafield tag="942" ind1=" " ind2=" ">
   <subfield code="a">Book</subfield>
  </datafield>
 </record>
</collection>
